Marvel Rivals | Match The Ultimate Attack To The Character - Statistics

General Stats
  • This quiz has been taken 1,575 times
    250 since last reset
  • The average score is 30 of 41
Answer Stats
Hint Answer % Correct
God of Thunder Thor
90%
Hulk Smash! Hulk
88%
God of Mischief Loki
88%
Unbeatable Squirrel Tsunami Squirrel Girl
88%
Clobberin' Time The Thing
88%
Eye of Agamotto Doctor Strange
86%
Invisible Boundary Invisible Woman
85%
It's Jeff! Jeff The Land Shark
85%
Supernova Human Torch
83%
Living Chi Iron Fist
82%
Darkchild Magik
82%
Hand of Khonshu Moon Knight
82%
Omega Hurricane Storm
82%
Final Judgement The Punisher
82%
Meteor M Magneto
81%
Braniac Bounce Mister Fantastic
81%
Spider-Sweeper Peni Parker
81%
Karmic Revival Adam Warlock
79%
Freedom Charge Captain America
79%
Goddess of Death Hela
79%
Dance of the Butterfly Psylocke
79%
Reality Erasure Scarlet Witch
79%
Bast's Descent Black Panther
78%
Ragin' Royal Flush Gambit
76%
Invincible Pulse Cannon Iron Man
76%
Electro-Plasma Explosion Black Widow
75%
Spectacular Spin Spider-Man
75%
Galactic Legend Star-Lord
75%
C.Y.A. (Cosmic Yarn Amplifier) Rocket Racoon
74%
Psionic Seduction Emma Frost
69%
Hunter's Sight Hawkeye
69%
Strangling Prison Groot
63%
Horn of Proteus Namor
63%
Eternal Bond Cloak & Dagger
60%
Heartbreaker Rogue
57%
Feast of the Abyss Venom
53%
Kraken Impact Winter Solider
49%
Soul Resurgence Mantis
44%
Fate of Both Worlds Luna Snow
42%
Apex Predator Elsa Bloodstone
40%
Last Stand Wolverine
38%
No matching quizzes found
Score Distribution
Percent of People with Each Score
Percentile by Number Answered
Your Score History
You have not taken this quiz since the last reset